000 00608nam a2200217Ia 4500
003 OSt
005 20260115122810.0
008 221004b |||||||| |||| 00| 0 tam d
037 _cTB
040 _aAL
_cAL
_btam
041 _2tam
_atam
084 _aV21.G 31M9.2
_qAL
100 _aSastri, Nilakantha
_9228620
245 0 _aChozdaargal
260 _c1989.
300 _a608p. (Vol.1)
_a608-1183p. (Vol.2)
490 _vVol. 2
650 _aHISTORY
_9875855
942 _hV21.G 31M91-.2
_cTB
_2CC
_n0
999 _c1035447
_d1035447